000 00752nam a2200241 a 4500
001 000019125
005 20200929165929.0
008 100526s1972 sp 000 f spa d
040 _aDO-SdBNP
_bspa
_cBNPHU
082 _a843.8
_bV531se
100 1 _aVerne, Jules,
_d1828-1905
_913574
245 1 3 _aEl secreto de Maston /
_cJulio Verne ; traducción de Juan Nuño.
260 _aMadrid :
_bDoncel,
_c1972.
300 _a191 p. ;
_c18 cm.
490 1 _aLibro joven de bolsillo
_v21
504 _aIncluye referencias y notas al pie de las páginas
650 4 _aNovela francesa
_91075
650 4 _aLiteratura francesa
_91074
700 1 _aNuño, Juan,
_etr.
_935122
830 0 _aLibro joven de bolsillo
_v21
_912847
910 _aWM
049 _aBNGR
999 _c18643
_d18643